Never Tear Us Apart - Bishop Briggs - All Lyrics - Statistics

General Stats
  • This quiz has been taken 38 times
  • The average score is 120 of 134
Answer Stats
Answer % Correct
a
100%
apart,
100%
apart
100%
Don't
100%
Don’t
100%
don't
100%
I
100%
know
100%
tear
100%
Tear
100%
us
100%
we
100%
were
100%
you
100%
you,
100%
all
92%
And
92%
But
92%
but
92%
'Cause
92%
ever
92%
is
92%
never,
92%
oh,
92%
Oh,
92%
ooh-oh,
92%
ooh-oh
92%
standing,
92%
to
92%
woah
92%
woah,
92%
your
92%
ask
85%
could
85%
have
85%
heart
85%
if
85%
love
85%
me
85%
of
85%
some
85%
tears
85%
there
85%
they
85%
true
85%
was
85%
what
85%
why
85%
worlds
85%
fly
77%
for
77%
from
77%
hurt
77%
live
77%
make
77%
tell
77%
thousand
77%
Two
77%
wings,
77%
years
77%
I'd
69%
that
69%
wine
69%
collided
62%
precious
62%
told
62%
No matching quizzes found
Score Distribution
Percent of People with Each Score
Percentile by Number Answered
Your Score History
You have not taken this quiz